00626cam a2200169 a 4500020001800000040000800018082002600026245009900052260012200151300003900273490002200312500002400334650001600358650001600374650001600390710005000406 a9789251066614 cDLC a205 FOO 2010 A009 Or.00aSelected indicators of food and agricultural development in the Asia-Pacific Region 1999-2009. aBangkok :bFood and Agriculture Organizations of the United Nations, Regional Office for Asia and the Pacific,c2010. a232 p. :bcol. ill., map ;c30 cm.0 aRAP publication ; aChiefly statistics. 0aAgriculture 0aAgriculture 0aAgriculture2 aFAO Regional Office for Asia and the Pacific.